• 首页
  • 本馆介绍
  • 公告通知
  • 最新文献
  • 馆藏检索
  • 电子资源
  • 读者导购
  • 参考咨询
  • 我的图书馆
  • 登录
  • 详细信息显示
  • 放入我的书架
  • 预约/预借图书
  • 作者相关作品
  • 分类相关作品
  • 丛书相关作品
  • 出版社相关作品

书目信息

  • 表格格式
  • 工作单格式
  • 卡片格式
题名:
马克思主义新闻思想研究
    
 
作者: 郑保卫 主编
分册:  
出版信息: 北京   中国人民大学出版社  2005
页数: 11,263页
开本: 23cm
丛书名:
单 册:
中图分类: A811.67
科图分类:
主题词: 马列著作研究--新闻学 , 马列著作研究 , 新闻学
电子资源:
ISBN: 7-300-06958-4
000 01023nam0 2200277 450
000 01037nam0 2200277 450
000 00967nam0 2200253 450
000 00931nam0 2200241 45
005 20070722172852.37
010    @a7-300-06958-4@dCNY28.00
100    @a20070627d2005 em y0chiy0120 ea
101 0  @achi
102    @aCN@b110000
105    @ay z 000yy
200 1  @a马克思主义新闻思想研究@AMa Ke Si Zhu Yi Xin Wen Si Xiang Yan Jiu@f郑保卫主编@FZheng Bao Wei Zhu Bian
210    @a北京@c中国人民大学出版社@d2005
215    @a11,263页@d23cm
300    @a马克思主义理论研究和建设工程系列教材新闻学系列
330    @a本书选编了中国人民大学新闻学院几位教师和博士生自20世纪80年代以来公开发表的研究马克思、恩格斯、列宁、斯大林、毛泽东、刘少奇、邓小平、江泽民等人新闻理论与实践的论文,共25篇。
606 0  @a马列著作研究@x新闻学
606 0  @a马列著作研究
606 0  @a新闻学
690    @aA811.67@v4
701  0 @a郑保卫@AZheng Bao Wei@f(1945~)@4主编
801  0 @aCN@bTAOJIN@c20070722
905    @a10447@dA811.67@e223
    
    马克思主义新闻思想研究/郑保卫主编.-北京:中国人民大学出版社,2005
    11,263页;23cm
    马克思主义理论研究和建设工程系列教材新闻学系列
    
    ISBN 7-300-06958-4:CNY28.00
    本书选编了中国人民大学新闻学院几位教师和博士生自20世纪80年代以来公开发表的研究马克思、恩格斯、列宁、斯大林、毛泽东、刘少奇、邓小平、江泽民等人新闻理论与实践的论文,共25篇。
●
相关链接 在E读中查询图书 在五车中查询图书 在当当中查询图书 在豆瓣中查询图书


正题名:马克思主义新闻思想研究     索取号:A811.67/223         预约/预借

序号 登录号 条形码 馆藏地/架位号 状态 备注
1 0823066   208230662   第一样本阅览室/ [索取号:A811.67/223] 在馆    
2 0823067   208230671   第一借阅区/ [索取号:A811.67/223] 在馆    
3 0823068   208230680   第一借阅区/ [索取号:A811.67/223] 在馆    
4 0823069   208230699   第一借阅区/ [索取号:A811.67/223] 在馆    
5 0823070   208230706   第一借阅区/ [索取号:A811.67/223] 在馆    
6 0823071   208230715   第一借阅区/ [索取号:A811.67/223] 在馆    
7 0823072   208230724   第一借阅区/ [索取号:A811.67/223] 在馆    
8 0823073   208230733   第一借阅区/ [索取号:A811.67/223] 在馆    
唐山师范学院图书馆 欢迎您!
大连网信软件有限公司© 版权所有